Statistics for Mario Kart Items

Click here to take the quiz!

General Stats

  • This quiz has been taken 28 times
  • The average score is 17 of 32

Answer Stats

Answer% Correct
Bomb
100%
Green Shell
96%
Mushroom
96%
Red Shell
96%
Blue Shell
92%
Boo
88%
Star
88%
Boomerang
85%
Coin
81%
Lightning
73%
Banana Peel
69%
Fire Flower
69%
Squid
65%
Feather
54%
Golden Shell
54%
Bowser Shell
42%
Heart
42%
King Mushroom
42%
Cappy
38%
Mega Mushroom
38%
Yoshi Egg
38%
Pencil
35%
Birdo Egg
31%
Fake Item Box
31%
Nabbbit
31%
Super Horn
31%
Super Bell
15%
America
12%
Donut Car
8%
Coin Box
4%
Cup Cake Car
4%
Coaster
0%

Score Distribution

Percentile by Number Answered

Percent of People with Each Score

Your Score History

You have not taken this quiz